IFM Opac

Conciliation in industrial disputes (Record no. 14914)

MARC details
000 -LEADER
fixed length control field 00331nam a22001337a 4500
020 ## - INTERNATIONAL STANDARD BOOK NUMBER
International Standard Book Number 9221010074
082 ## - DEWEY DECIMAL CLASSIFICATION NUMBER
Classification number 331.89CON
245 ## - TITLE STATEMENT
Title Conciliation in industrial disputes
260 ## - PUBLICATION, DISTRIBUTION, ETC.
Place of publication, distribution, etc. Geneva
Name of publisher, distributor, etc. ILO
Date of publication, distribution, etc. 1973
300 ## - PHYSICAL DESCRIPTION
Extent Viii,133p
Other physical details 25cm
500 ## - GENERAL NOTE
General note Includes Appendix
650 ## - SUBJECT ADDED ENTRY--TOPICAL TERM
Topical term or geographic name entry element Conciliation in industrial disputes
942 ## - ADDED ENTRY ELEMENTS (KOHA)
Koha item type Books
Holdings
Withdrawn status Lost status Damaged status Not for loan Home library Current library Shelving location Date acquired Total Checkouts Full call number Barcode Date last seen Price effective from Koha item type
Withdrawn       IFM Main Campus Library IFM Main Campus Library Archival Collection 01/25/2016   331.89CON 0000009944 01/25/2016 02/19/2022 Books